The Originals - Statistics

General Stats
  • This quiz has been taken 1,748 times
  • The average score is 7 of 10
Answer Stats
Hint Answer % Correct
5 Klaus is known as the original _______ Hybrid
95%
4 Where is the Originals set? New Orleans
90%
6 Elijah's love interest Hayley
89%
9 How many members of the Mikaelson family were turned into vampires? Six
84%
3 Hayley ________ Marshall
78%
7 What shape is Hayley's "birthmark"? Crescent Moon
72%
2 Klaus' greatest fear Mikael Mikaelson
69%
1 Sophie and Jane-Anne _______ Deveraux
48%
10 Other than the White Oak stake, what weapon can put an original down? Sliver dagger and white oak ash
44%
8 Hayley's werewolf bloodline name Lebonair
8%
No matching quizzes found
Score Distribution
Percent of People with Each Score
Percentile by Number Answered
Your Score History
You have not taken this quiz